01019 2200349 4500001002100000005001500021035002000036007000300056040001700059245009800076250001200174300003400186041000800220082001000228084001600238090002000254264003300274336002100307337003000328338002300358650001900381850001000400008004100410020002200451700003900473700004700512990002200559990002200581990002200603990002200625990002200647INLIS00000000000702820260603024624 a0010-0822000002ta aSBPUPADbind aBelajar Pengurangan Itu Menyenangkan /cEditor,Ria Puji Utami;Alih Bahasa ,Leliyana Putritama a.-Cet.1 aii.30 hal. :billus. ;c25 cm0 aind a372.2 a372.2 BEL b a746 SAN d L22-9 a.--Yogyakarta :bANDI,c2021 2rdacontentateks 2rdamediaatanpa perantara 2rdacarrieravolume 4aBuku Pelajaran aPUPAD260603 0  a978-623-6701-27-00 aEditor , Ria Puji UtamiePengarang0 aAlih Bahasa ,Leliyana PutritamaePengarang a36.350/B/DPK/2022 a36.349/B/DPK/2022 a36.348/B/DPK/2022 a37.317/H/DPK/2023 a37.316/H/DPK/2023